PSV Eindhoven Current Squad - Statistics

General Stats
  • This quiz has been taken 361 times
    142 since last reset
  • The average score is 10 of 20
Answer Stats
# Player % Correct
9 Luuk de Jong
89%
1 Walter Benítez
82%
23 Joey Veerman
73%
3 Jordan Teze
70%
5 André Ramalho
66%
Head Coach Peter Bosz
63%
27 Johan Bakayoko
61%
18 Olivier Boscagli
61%
20 Guus Til
58%
4 Armando Obispo
55%
7 Xavi Simons
53%
28 Ismael Saibari
50%
16 Joël Drommel
49%
6 Ibrahim Sangaré
47%
17 Mauro Júnior
41%
30 Patrick van Aanholt
38%
24 Boy Waterman
31%
21 Anwar El Ghazi
20%
29 Phillipp Mwene
20%
41 Kjell Peersman
16%
No matching quizzes found
Score Distribution
Percent of People with Each Score
Percentile by Number Answered
Your Score History
You have not taken this quiz since the last reset